Характеристика конфиденциальных документов; Актуальные проблемы гуманитарных наук

Detalles Bibliográficos
Parent link:Актуальные проблемы гуманитарных наук.— 2011.— [С. 448-450]
Autor principal: Кузнецова Е. Д.
Sumario:Заглавие с титульного листа
Lenguaje:ruso
Publicado: 2011
Colección:Документационное обеспечение управления
Materias:
Acceso en línea:http://www.lib.tpu.ru/fulltext/c/2011/C20/200.pdf
Formato: Electrónico Capítulo de libro
KOHA link:https://koha.lib.tpu.ru/cgi-bin/koha/opac-detail.pl?biblionumber=237247

MARC

LEADER 00000naa2a2200000 4500
001 237247
005 20260422144544.0
035 |a (RuTPU)RU\TPU\book\258419 
035 |a RU\TPU\book\258414 
090 |a 237247 
100 |a 20130513d2011 k y0rusy50 ca 
101 0 |a rus 
102 |a RU 
135 |a drnn ---uucaa 
181 0 |a i  
182 0 |a b 
200 1 |a Характеристика конфиденциальных документов  |f Е. Д. Кузнецова 
203 |a Текст  |c электронный 
215 |a 1 файл (227 Кб) 
225 1 |a Документационное обеспечение управления 
300 |a Заглавие с титульного листа 
320 |a [Библиогр.: с. 450 (2 назв.)] 
337 |a Adobe Reader 
463 1 |0 (RuTPU)RU\TPU\book\256720  |t Актуальные проблемы гуманитарных наук  |o сборник научных трудов студентов, аспирантов и молодых ученых 21-22 апреля 2011 г., Томск  |f Национальный исследовательский Томский политехнический университет (ТПУ)   |v [С. 448-450]  |d 2011 
610 1 |a труды учёных ТПУ 
610 1 |a электронный ресурс 
610 1 |a документы 
610 1 |a конфиденциальная информация 
610 1 |a конфиденциальность 
610 1 |a защита 
700 1 |a Кузнецова  |b Е. Д. 
801 2 |a RU  |b 63413507  |c 20130513  |g RCR 
856 4 |u http://www.lib.tpu.ru/fulltext/c/2011/C20/200.pdf 
942 |c CF